000 00639nam a22001937a 4500
005 20250519140004.0
008 250519b |||||||| |||| 00| 0 eng d
040 _cDO
245 _aAround at last!
250 _aSeptember 1999 Vol. 196 No. 3
490 _aNational Geographic
520 _aKashmir: Trapped in Conflict, Around At Last!, Masai Passage to Manhood, Olive Oil, Elixir of the Gods, Preserving the Gods, Preserving the Sahara's Art, Hunting With Eagles, Rodeos-Behind the Chutes, Galileo Mission
650 _xMANHOOD
650 _xOIL
650 _xSAHARA
650 _xEAGLES
650 _xJUPITER
942 _2ddc
_cCR
999 _c5540
_d5540